[Event "XV Asiad Men's Rapid"]
[Site "Doha QAT"]
[Date "2006.12.03"]
[Round "5"]
[White "Harikrishna,P"]
[Black "Dableo,R"]
[Result "1-0"]
[WhiteElo "2674"]
[BlackElo "2425"]

1.d4 d5 2.c4 c6 3.Nf3 Nf6 4.Nc3 a6 5.e3 b5 6.c5 g6 7.Bd3 Bg7 8.h3 Bf5 9.O-O Bxd3
10.Qxd3 Nbd7 11.e4 dxe4 12.Nxe4 O-O 13.Re1 Nd5 14.Bg5 Qc7 15.Qd2 N7f6 16.Ng3 a5
17.Re2 a4 18.Rae1 Qa5 19.Qc1 a3 20.b3 Qc3 21.Rc2 Qa5 22.Ne5 Rfc8 23.Bd2 Qc7
24.Bh6 Bh8 25.h4 Nd7 26.Nf3 N7f6 27.Qg5 Rd8 28.Rce2 e6 29.h5 Re8 30.Qh4 Nc3
31.Rc2 Nfd5 32.hxg6 fxg6 33.Bd2 b4 34.Ne4 Nxe4 35.Rxe4 e5 36.dxe5 Bxe5 37.Bxb4 Bf6
38.Qg4 Nxb4 39.Rxe8+ Rxe8 40.Qxb4 Bb2 41.Re2 Rd8 42.Qc4+ Qf7 43.Qxf7+ Kxf7
44.Kf1 Rd5 45.Ne1 Bc3  1-0

[Event "UTD GM Invitational"]
[Site "Dallas USA"]
[Date "2006.12.05"]
[Round "1"]
[White "Zivanic,M"]
[Black "Kuljasevic,D"]
[Result "1/2-1/2"]
[WhiteElo "2451"]
[BlackElo "2448"]

1.d4 d5 2.c4 c6 3.Nf3 Nf6 4.Nc3 a6 5.e3 b5 6.b3 Bg4 7.Be2 e6 8.O-O Nbd7 9.Bb2 Bd6
10.Ne5 Bxe2 11.Nxe2 Qc7 12.cxd5 cxd5 13.Rc1 Qb8 14.f4 O-O 15.Ng3 g6 16.Qf3 Qb7
17.h4 Rac8 18.h5 Rxc1 19.Rxc1  1/2-1/2

[Event "UTD GM Invitational"]
[Site "Dallas USA"]
[Date "2006.12.06"]
[Round "2"]
[White "Novikov,I"]
[Black "Ramirez,Alej"]
[Result "1/2-1/2"]
[WhiteElo "2568"]
[BlackElo "2485"]

1.d4 d5 2.c4 c6 3.Nf3 Nf6 4.Nc3 a6 5.e3 Bf5 6.Qb3 b5 7.c5 Nbd7 8.a4 e5 9.Qa3 Rc8
10.axb5 axb5 11.Qa5 Qxa5 12.Rxa5 Bg4 13.Nd2 exd4 14.exd4 Be7 15.Bd3 O-O 16.O-O Ra8
17.Nb3 Rfc8 18.h3 Be6 19.Na2 Nf8 20.Nb4 Bd7 21.Na6 Bd8 22.Ra3 Ra7 23.Bf4 Ne6
24.Be5 Rca8 25.Rfa1 Be8 26.Bf5 Nd7 27.Bxe6 fxe6 28.Bd6 Bf6 29.f4 Bd8 30.Kf2 Nf6
31.Ke3 Ne4 32.Nd2 Nxd2 33.Kxd2 Kf7 34.Ke3 Bd7 35.Nb4 Rxa3+ 36.Rxa3 Rxa3+
37.bxa3 Ba5  1/2-1/2

[Event "XV Asiad Classical"]
[Site "Doha QAT"]
[Date "2006.12.11"]
[Round "6"]
[White "Batchuluun,C"]
[Black "Laylo,D"]
[Result "1/2-1/2"]
[WhiteElo "2404"]
[BlackElo "2448"]

1.d4 d5 2.c4 c6 3.Nf3 Nf6 4.Nc3 a6 5.c5 Bf5 6.Bf4 Nbd7 7.e3 e6 8.Be2 h6 9.Nd2 Be7
10.b4 Qc8 11.O-O O-O 12.Bf3 Re8 13.Bg3 Bd8 14.e4 dxe4 15.Bxe4 Bxe4 16.Ndxe4 Be7
17.Be5 a5 18.a3 axb4 19.axb4 Rxa1 20.Qxa1 Nxe4 21.Nxe4 Qa8 22.Qc3 Qa2 23.Ra1 Qd5
24.f3 Rd8 25.Bc7 Rc8 26.Be5 Rd8 27.Bc7 Rc8 28.Be5 Nxe5 29.dxe5 Rd8 30.Nd6 Bg5
31.Nc4 Qd4+ 32.Qxd4 Rxd4 33.Nd6 Be3+ 34.Kf1 Rxb4 35.Ra8+ Kh7 36.Nxf7 Kg6
37.Nd8 Kf5 38.Rb8 Bxc5 39.Rxb7 Rxb7 40.Nxb7 Bd4 41.Na5 c5 42.Ke2 Kxe5 43.Nc4+ Kd5
44.Kd3 Bg1 45.h3 g5 46.Kc3 h5 47.Kd3 h4 48.Kc3 Bf2 49.Kd3 Bd4 50.Nd2 Ke5
51.Ne4 Kf4 52.Kc4 Be3 53.Kd3 Bg1 54.Kc3 e5 55.Kc4 Be3 56.Kc3 Bc1 57.Kc4 Ke3
58.Kxc5 Ke2 59.Kd5 Bf4 60.Ke6 Kf1 61.Kf5 Kxg2 62.Kg4 Kh2 63.Nf6 Kg2 64.Ne4 Kh2
65.Nf6  1/2-1/2

[Event "GM Multicoms"]
[Site "Paris FRA"]
[Date "2006.12.14"]
[Round "2"]
[White "Bellaiche,A"]
[Black "Fressinet,L"]
[Result "0-1"]
[WhiteElo "2472"]
[BlackElo "2640"]

1.d4 d5 2.c4 c6 3.Nf3 Nf6 4.Nc3 a6 5.e3 e6 6.c5 Nbd7 7.Qc2 e5 8.h3 Qe7 9.Be2 g6
10.Bd2 Bg7 11.O-O-O O-O 12.Rde1 e4 13.Ng1 b6 14.cxb6 Nxb6 15.Qb3 Qc7 16.Kb1 a5
17.Na4 Nfd7 18.Rc1 Ba6 19.Nxb6 Nxb6 20.Bxa5 Bd3+ 21.Bxd3 Rxa5 22.Bb5 Rb8
23.Rxc6 Qa7 24.Ne2 Rxb5 25.Qxb5 Nc4 26.Qa6 Rxb2+ 27.Ka1 Qxa6 28.Rxa6 Rxe2
29.a4 Bf8 30.Ra8 Kg7 31.Rb1 Ba3 32.Rb7 Bb2+ 33.Kb1 Bc3 34.Rb3 Be1  0-1

[Event "GM Multicoms"]
[Site "Paris FRA"]
[Date "2006.12.19"]
[Round "7"]
[White "Fressinet,L"]
[Black "Draoui,N"]
[Result "1-0"]
[WhiteElo "2640"]
[BlackElo "2416"]

1.d4 d5 2.c4 c6 3.Nf3 Nf6 4.Nc3 a6 5.c5 Nbd7 6.Bf4 Nh5 7.Bg5 h6 8.Bd2 Nhf6
9.Bf4 g6 10.h3 Bg7 11.e3 O-O 12.Bd3 Qe8 13.Bc7 Kh8 14.O-O Ng8 15.e4 dxe4
16.Nxe4 Ndf6 17.Nc3 Be6 18.Re1 Bd5 19.Nh4 Rc8 20.Be5 e6 21.Bc2 Ne7 22.Qd2 Kg8
23.Rad1 Qd8 24.Bxf6 Bxf6 25.Qxh6 Rc7 26.Nxd5 Nxd5 27.Nf3 Rd7 28.h4 Bg7 29.Qd2 Qe7
30.h5 gxh5 31.Ne5 Rdd8 32.Qd3 Rfe8 33.Qh7+ Kf8 34.Qxh5 Nf4 35.Qg4 Qf6 36.g3 Nd5
37.Rd3 Nb4 38.Rf3 Nxc2 39.Rxf6 Bxf6 40.Qf4 Bxe5 41.Rxe5 Nxd4 42.Qf6 Nf5 43.g4 Ne7
44.Rxe6 Ng6 45.Rd6 Re1+ 46.Kg2 Rde8 47.Rd7 R1e7 48.Rxe7 Rxe7 49.Qd6 Kg7 50.Qd4+ f6
51.Kg3 Ne5 52.Qd8 Kf7 53.b3 Rd7 54.Qc8 Ke7 55.f4 Nd3 56.Qg8 Nxc5 57.g5 Ne4+
58.Kf3 Nxg5+ 59.fxg5 fxg5 60.Qxg5+ Ke8 61.Ke4 Rd6 62.Qg8+ Kd7 63.Qb8 b5 64.Qb7+ Kd8
65.Qxa6  1-0

[Event "Bykova Mem"]
[Site "Vladimir RUS"]
[Date "2006.12.19"]
[Round "6"]
[White "Kursova,M"]
[Black "Smokina,K"]
[Result "1-0"]
[WhiteElo "2316"]
[BlackElo "2203"]

1.d4 d5 2.c4 c6 3.Nc3 Nf6 4.Nf3 a6 5.c5 Nbd7 6.Bf4 Nh5 7.Bd2 g6 8.h3 Bg7
9.Qc2 a5 10.Na4 Qc7 11.e3 O-O 12.Bd3 e5 13.dxe5 Nxe5 14.Nxe5 Qxe5 15.Nb6 Ra7
16.Bc3 Qe7 17.Bxg7 Nxg7 18.O-O Bf5 19.Bxf5 Nxf5 20.Qc3 Re8 21.Rac1 Ng7 22.Rfe1 f5
23.a3 Nh5 24.b4 axb4 25.axb4 Nf6 26.Ra1 Ne4 27.Qb2 Rxa1 28.Rxa1 Qf6 29.Qxf6 Nxf6
30.Ra7 Rb8 31.f3 h5 32.h4 Kf8 33.Kf2 Ke8 34.Kg3 Nd7 35.Nxd7 Kxd7 36.Kf4 Ke6
37.Kg5 Ke5 38.g3 d4 39.f4+ Ke4 40.exd4 Kxd4 41.Kxg6 b6 42.Kxf5 bxc5 43.Rd7+ Kc4
44.bxc5 Rg8 45.Ke5 Rxg3 46.f5 Kxc5 47.f6 Rf3 48.f7 Kb6 49.Ke6 Re3+ 50.Kf6 Rf3+
51.Kg6  1-0

[Event "13th Int"]
[Site "Tuzla BIH"]
[Date "2006.12.25"]
[Round "4"]
[White "Solomunovic,I"]
[Black "Avdic,A"]
[Result "1-0"]
[WhiteElo "2412"]
[BlackElo "2288"]

1.d4 d5 2.c4 c6 3.Nf3 Nf6 4.Nc3 a6 5.c5 Bf5 6.Qb3 Ra7 7.Bf4 Nbd7 8.h3 h6
9.e3 Ne4 10.Be2 g5 11.Bh2 Bg7 12.O-O O-O 13.Nxe4 Bxe4 14.Nd2 Bg6 15.Qc3 a5
16.Rac1 f5 17.Bd3 Qe8 18.Nf3 f4 19.exf4 gxf4 20.Rfe1 Bh5 21.Nh4 e5 22.dxe5 Nxe5
23.Bb1 Qe7 24.Nf5 Rxf5 25.Bxf5 d4 26.Qb3+ Bf7 27.Qc2 Qg5 28.Kh1 Ra8 29.f3 Rf8
30.b3 Ng6 31.Be6 Ne7 32.Bxf7+ Rxf7 33.Rcd1 Nd5 34.Re8+ Rf8 35.Rxf8+ Kxf8
36.Rd2 Nc3 37.Rf2 Qxc5 38.Bxf4 d3 39.Qd2 Ne2 40.Rxe2 dxe2 41.Bd6+  1-0

[Event "27th Open A"]
[Site "Bethune FRA"]
[Date "2006.12.26"]
[Round "1"]
[White "Camus,B"]
[Black "Grabarczyk,M"]
[Result "0-1"]
[WhiteElo "2166"]
[BlackElo "2463"]

1.d4 d5 2.c4 c6 3.Nc3 Nf6 4.Nf3 a6 5.c5 Nbd7 6.h3 Qc7 7.Bg5 e5 8.e3 Be7 9.Be2 O-O
10.Bh4 exd4 11.exd4 b6 12.Bg3 Qb7 13.b4 Ne4 14.Nxe4 dxe4 15.Ne5 Nxe5 16.Bxe5 a5
17.a3 axb4 18.axb4 Rxa1 19.Qxa1 bxc5 20.bxc5 Qb4+ 21.Kf1 Rd8 22.g3 f6 23.Qa2+ Kf8
24.Bf4 Qxd4 25.Be3 Qd5 26.Bc4 Qd1+ 27.Kg2 Qf3+ 28.Kh2 Bxh3 29.Bf1 Bxf1  0-1

[Event "27th Open A"]
[Site "Bethune FRA"]
[Date "2006.12.26"]
[Round "1"]
[White "Miedema,R"]
[Black "Burmakin,V"]
[Result "0-1"]
[WhiteElo "2235"]
[BlackElo "2559"]

1.Nf3 d5 2.d4 c6 3.c4 Nf6 4.Nc3 a6 5.e3 b5 6.c5 g6 7.Ne5 Bg7 8.Qb3 a5 9.Nxb5 cxb5
10.Bxb5+ Kf8 11.O-O Ne8 12.Nd3 Nc7 13.a4 Bd7 14.Bd2 Bc6 15.Rfb1 Qd7 16.Bxc6 Nxc6
17.Qa3 Na6 18.b4 axb4 19.Bxb4 Bf6 20.Bc3 Kg7 21.Rb6 e6 22.Rab1 Ra7 23.R1b3 Rha8
24.Qb2 Nc7 25.Ra3 Rxa4  0-1

[Event "27th Open A"]
[Site "Bethune FRA"]
[Date "2006.12.27"]
[Round "3"]
[White "Gladyszev,O"]
[Black "Burmakin,V"]
[Result "1/2-1/2"]
[WhiteElo "2463"]
[BlackElo "2559"]

1.d4 c6 2.c4 Nf6 3.Nc3 d5 4.Nf3 a6 5.e3 b5 6.c5 g6 7.Bd3 Bg7 8.b4 a5 9.bxa5 Qxa5
10.Bd2 b4 11.Ne2 Qa3 12.Bc1 Qa5 13.Bd2 Qa3  1/2-1/2

[Event "Harmonie"]
[Site "Groningen NED"]
[Date "2006.12.27"]
[Round "5"]
[White "Geirnaert,S"]
[Black "Michielsen,J"]
[Result "1-0"]
[WhiteElo "2338"]
[BlackElo "2334"]

1.d4 d5 2.c4 c6 3.Nf3 Nf6 4.Nc3 a6 5.c5 Nbd7 6.Bf4 Nh5 7.e3 Nxf4 8.exf4 b6
9.cxb6 e6 10.Bd3 Bd6 11.Qd2 O-O 12.O-O c5 13.dxc5 Bxc5 14.Na4 Bxb6 15.Nxb6 Qxb6
16.Rac1 Nf6 17.Rc2 Bb7 18.Rfc1 Rad8 19.Nd4 g6 20.Bf1 Ne4 21.Qe3 Rc8 22.Bd3 Nd6
23.Nc6 Qxe3 24.fxe3 Kg7 25.Kf2 Nc4 26.Bxc4 Rxc6 27.Bd3 Rxc2+ 28.Rxc2 Rc8
29.Rxc8 Bxc8 30.Ke2 Kf6 31.Kd2 a5 32.Kc3 e5 33.b4 axb4+ 34.Kxb4 e4 35.Be2 d4
36.exd4 Kf5 37.g3 e3 38.d5 Ke4 39.Kc5 h6 40.h4  1-0

[Event "27th Open A"]
[Site "Bethune FRA"]
[Date "2006.12.28"]
[Round "5"]
[White "Van der Stricht,G"]
[Black "Burmakin,V"]
[Result "0-1"]
[WhiteElo "2414"]
[BlackElo "2559"]

1.d4 d5 2.c4 c6 3.Nf3 Nf6 4.Nc3 a6 5.e3 b5 6.c5 g6 7.Bd2 a5 8.Ne5 Bg7 9.Nxb5 cxb5
10.Bxb5+ Kf8 11.O-O Ne4 12.Rc1 Nxd2 13.Qxd2 Qc7 14.c6 Bxe5 15.dxe5 Kg7 16.Qxd5 Be6
17.Qd3 Rd8 18.Qe2 Bxa2 19.f4 Ra7 20.Rc3 a4 21.Rfc1 Rc8 22.Kh1 Ra5 23.e4 Qb6
24.Qg4 Rc7 25.f5 Rxb5 26.f6+ exf6 27.exf6+ Kxf6 28.Qf4+ Kg7 29.e5 Rxc6 30.Rxc6 Nxc6
31.Qf6+ Kg8 32.Rxc6 Rc5 33.e6 Bxe6  0-1

[Event "27th Open A"]
[Site "Bethune FRA"]
[Date "2006.12.29"]
[Round "8"]
[White "L'Ami,E"]
[Black "Burmakin,V"]
[Result "1/2-1/2"]
[WhiteElo "2593"]
[BlackElo "2559"]

1.d4 d5 2.c4 c6 3.Nf3 Nf6 4.Nc3 a6 5.e3 b5 6.c5 g6 7.b4 a5 8.bxa5 Qxa5 9.Bd2 b4
10.Ne2 Ne4 11.Nc1 Bg7 12.Rb1 Na6 13.Bd3 Nc3 14.Bxc3 bxc3 15.O-O Nb4 16.Rb3 Nxa2  1/2-1/2

[Event "Masters"]
[Site "Singapore SIN"]
[Date "2006.12.29"]
[Round "7"]
[White "Sitanggang,S"]
[Black "Nava,R"]
[Result "1/2-1/2"]
[WhiteElo "2423"]
[BlackElo "2348"]

1.d4 Nf6 2.Nf3 d5 3.c4 c6 4.Nc3 a6 5.e3 b5 6.b3 Bg4 7.Be2 e6 8.O-O Be7 9.Ne5 Bxe2
10.Nxe2 O-O 11.Qc2 Nfd7 12.Nxd7 Nxd7 13.Bb2 bxc4 14.bxc4 Nb6 15.c5 Nc4 16.Bc3 f5
17.Nf4 Qd7 18.Nd3 a5 19.Nb2 Nxb2 20.Qxb2 Bd8 21.Rab1 Bc7 22.Qd2 Rfc8 23.h3 Qd8
24.Rb7 Rcb8 25.Qb2 Kf8 26.f4 Ke8 27.Rb1 Kd7 28.Qd2 Rxb7 29.Rxb7 Qc8 30.Qb2 a4  1/2-1/2

[Event "Masters"]
[Site "Singapore SIN"]
[Date "2006.12.29"]
[Round "8"]
[White "Wu Shaobin"]
[Black "Ariskin,A"]
[Result "1-0"]
[WhiteElo "2475"]
[BlackElo "2300"]

1.d4 d5 2.c4 c6 3.Nf3 Nf6 4.Nc3 a6 5.c5 Bf5 6.Bf4 Nbd7 7.e3 Ne4 8.Bd3 h6
9.h3 g5 10.Bh2 Bg7 11.Qc2 Nxc3 12.Bxf5 Nb5 13.O-O-O e6 14.Bd3 Qa5 15.Kb1 O-O-O
16.g4 f6 17.h4 h5 18.Rhg1 e5 19.Bf5 e4 20.Nd2 hxg4 21.Rxg4 Rxh4 22.Rxh4 gxh4
23.Nb3 Qb4 24.Bf4 Rh8 25.Qe2  1-0

[Event "Weihnachtsopen Masters"]
[Site "Zurich SUI"]
[Date "2006.12.29"]
[Round "5"]
[White "Knobel,M"]
[Black "Kuhn,T"]
[Result "1-0"]
[WhiteElo "2028"]
[BlackElo "2195"]

1.d4 d5 2.c4 c6 3.Nf3 Nf6 4.Nc3 a6 5.e3 b5 6.cxd5 cxd5 7.Be2 e6 8.O-O Nbd7
9.Bd3 Bb7 10.Bd2 Bd6 11.Rc1 O-O 12.Qc2 Qe7 13.Ng5 Bxh2+ 14.Kxh2 Ng4+ 15.Kg3 Qxg5
16.f4 Nxe3+ 17.fxg5 Nxc2 18.Bxc2 e5  1-0

[Event "Open"]
[Site "Verona ITA"]
[Date "2007.01.03"]
[Round "1"]
[White "Gromovs,S"]
[Black "Bernardi,R"]
[Result "1-0"]
[WhiteElo "2347"]
[BlackElo "2114"]

1.d4 d5 2.Nf3 Nf6 3.c4 c6 4.Nc3 a6 5.c5 Bg4 6.Ne5 Bh5 7.Qb3 Qc8 8.f3 Nbd7
9.g4 Bg6 10.h4 h6 11.Nxg6 fxg6 12.Qc2 e5 13.Qxg6+ Kd8 14.e3 Qc7 15.f4 exd4
16.exd4 b6 17.cxb6 Qxb6 18.g5 hxg5 19.fxg5 Ng4 20.Qd3 Bd6 21.Be2 Re8 22.Bd2 Rb8
23.Rf1 Qxb2 24.Rb1 Qa3 25.Rxb8+ Bxb8 26.Kd1 Nh2 27.Rf7 Re7 28.Rxe7 Qxe7 29.Qxa6 Qd6
30.h5 Qg3 31.Qxc6 Nf3 32.Bxf3 Qxf3+ 33.Kc2 Qxh5 34.Qxd5 Qh7+ 35.Ne4 Qg6 36.a4 Kc8
37.a5 Bc7 38.a6 Qb6 39.g6 Qxa6 40.Qxd7+ Kxd7 41.Nc5+ Ke7 42.Nxa6 Bg3 43.Nc5 Bc7
44.Bg5+  1-0

[Event "Petrovskaya Ladya GM"]
[Site "Peterhof RUS"]
[Date "2007.01.09"]
[Round "9"]
[White "Yevseev,D"]
[Black "Shimanov,A"]
[Result "1/2-1/2"]
[WhiteElo "2522"]
[BlackElo "2419"]

1.d4 d5 2.c4 c6 3.Nf3 Nf6 4.Nc3 a6 5.a4 e6 6.g3 dxc4 7.Bg5 Nbd7 8.Bg2 h6
9.Bxf6 Nxf6 10.a5 Bb4 11.Qa4 Qe7 12.O-O O-O 13.Ne5 c5 14.Na2 Rd8 15.Nxb4 cxb4
16.Rac1 Rxd4 17.e3 Rd5 18.Nxc4 Bd7 19.Qb3 Rb5 20.Nb6 Rb8 21.Rfd1  1/2-1/2

[Event "ch-NZL 2006-7"]
[Site "Wanganui NZL"]
[Date "2007.01.09"]
[Round "8"]
[White "Wang Puchen"]
[Black "Dive,RJ"]
[Result "1/2-1/2"]
[WhiteElo "2290"]
[BlackElo "2350"]

1.Nf3 Nf6 2.c4 c6 3.d4 d5 4.Nc3 a6 5.c5 b6 6.cxb6 Qxb6 7.Na4 Qa7 8.e3 e6
9.Bd3 Nbd7 10.O-O Bd6 11.b3 O-O 12.Bb2 Qb8 13.Qc2 Bb7 14.Nc5 Bxc5 15.dxc5 a5
16.Ng5 h6 17.Nh7 Nxh7 18.Bxh7+ Kh8 19.Qc3 Qe5 20.Qd2 Qg5 21.Bc2 f5 22.Rac1 Rf7
23.f4 Qe7 24.Rf3 Nxc5 25.Rh3 Kg8 26.Qc3 Nd7 27.Rxh6 c5 28.Rg6 Rf6 29.Rg5 Kf7
30.Bd1 g6 31.Qe1 e5 32.Qg3 exf4 33.Bxf6 Nxf6 34.Qxf4 Ne4 35.Rg4 Rh8 36.Bf3 Nf6
37.Rg3 Rh4 38.Qg5 f4 39.Bxd5+ Bxd5 40.exf4 Rg4 41.Qe5 Qxe5 42.fxe5 Rxg3 43.hxg3 Nd7
44.Kf2 Ke6 45.Ke3 Kxe5 46.Rc2 g5 47.g4 Kd6 48.Rf2 Be6 49.Ke4 Bxg4 50.Rf7 Ke6
51.Rf1 Nf6+ 52.Kd3 Ke5 53.Rf2 Ne4 54.Rf8 Bd7 55.Ra8 a4 56.bxa4 Kd5 57.Rd8 c4+
58.Kc2 Kc6 59.a5 Kc7 60.Rg8 Ba4+ 61.Kc1 c3 62.Rf8 c2 63.Rf3 Kc6 64.Ra3 Nc5
65.a6 Kb6 66.Rxa4 Nxa4 67.Kxc2 Nc5 68.Kd2 Nd7 69.Ke3 Nf6 70.Kd4 Nh5  1/2-1/2

[Event "5th Parsvnath Open"]
[Site "New Delhi IND"]
[Date "2007.01.16"]
[Round "3"]
[White "Gupta,Ab"]
[Black "Chowdhury,So"]
[Result "1-0"]
[WhiteElo "2464"]
[BlackElo "2217"]

1.d4 d5 2.c4 c6 3.Nc3 Nf6 4.Nf3 a6 5.a4 Bg4 6.Qb3 Qc7 7.cxd5 Bxf3 8.gxf3 cxd5
9.Bf4 Qd7 10.e4 e6 11.Bxb8 Rxb8 12.Bxa6 Qd6 13.Bb5+ Nd7 14.exd5 Be7 15.dxe6 fxe6
16.O-O Kf7 17.Rfe1 Nb6 18.a5 Nd5 19.Nxd5 exd5 20.Re5 Rhd8 21.Rxd5 Qe6 22.Rf5+  1-0

[Event "zt 3.3"]
[Site "Phu Quoc VIE"]
[Date "2007.01.18"]
[Round "9"]
[White "Dao Thien Hai"]
[Black "Laylo,D"]
[Result "1-0"]
[WhiteElo "2559"]
[BlackElo "2476"]

1.d4 d5 2.Nf3 Nf6 3.c4 c6 4.Nc3 a6 5.c5 Bf5 6.Bf4 Nbd7 7.e3 e6 8.Be2 Be7
9.Nd2 O-O 10.g4 Bg6 11.h4 h6 12.Rg1 Ne8 13.h5 Bh7 14.Nf3 b6 15.b4 bxc5 16.bxc5 Qa5
17.Rc1 f6 18.Qa4 Qxa4 19.Nxa4 Bd8 20.Nb6 Ra7 21.Kf1 Rf7 22.Kg2 Be4 23.Kh2 Bc7
24.Bg3 a5 25.Nd2 Bh7 26.Rc3 Rb7 27.Ba6 Rb8 28.Rb3 e5 29.Na4 Bc2 30.Ra3 exd4
31.exd4 Rb4 32.Nb3 Bxb3 33.axb3 Rxd4 34.Re1 Bxg3+ 35.Kxg3 Nc7 36.Bc8 Nb5
37.Ra2 Rd3+ 38.Kg2 Nd4 39.Re8+ Kh7 40.Nb6 Ne5 41.Rxa5 g6 42.Ra8 gxh5 43.Bf5+ Nxf5
44.gxf5 Ng6 45.fxg6+ Kxg6 46.Rg8+ Rg7 47.Rxg7+ Kxg7 48.Rc8 Rxb3 49.Rxc6 d4
50.Rd6 Rc3 51.c6 Kg6 52.Nd5 Rc5 53.Nb4 Rc4 54.Na6  1-0

[Event "TCh-AUT 2006-7"]
[Site "Leoben AUT"]
[Date "2007.01.19"]
[Round "5"]
[White "Laznicka,V"]
[Black "Kritz,L"]
[Result "1/2-1/2"]
[WhiteElo "2593"]
[BlackElo "2597"]

1.d4 d5 2.c4 c6 3.Nf3 Nf6 4.Nc3 a6 5.e3 b5 6.b3 Bg4 7.Be2 e6 8.O-O Nbd7 9.h3 Bh5
10.Bb2 Bd6 11.Ne5 Bxe2 12.Nxe2 bxc4 13.bxc4 O-O 14.Rb1 Qc7 15.Nxd7 Nxd7 16.c5 Be7
17.Qa4 Rfb8 18.Bc3 Rxb1 19.Rxb1 Rb8 20.Rb3 Rxb3 21.axb3 Qb7 22.Ba5 e5 23.Nc3 exd4
24.exd4 Nf8 25.Nxd5 cxd5 26.Qe8 h6 27.c6 Qb5 28.Qxe7 Qxc6 29.Qd8 Qc1+ 30.Kh2 Qf4+
31.Kg1 Qc1+  1/2-1/2

[Event "5th Parsvnath Open"]
[Site "New Delhi IND"]
[Date "2007.01.20"]
[Round "8"]
[White "Drozdovskij,Y"]
[Black "Himanshu,Sh"]
[Result "1/2-1/2"]
[WhiteElo "2562"]
[BlackElo "2428"]

1.d4 d5 2.c4 c6 3.Nf3 Nf6 4.Nc3 a6 5.c5 Bf5 6.Bf4 Nbd7 7.e3 e6 8.Nd2 Be7
9.Be2 h6 10.O-O O-O 11.b4 Re8 12.Bg3 Qc8 13.a4 Bd8 14.f4 Ne4 15.Ncxe4 Bxe4
16.Nxe4 dxe4 17.f5 Nf6 18.fxe6 Qxe6 19.Bh4 Rf8 20.Bxf6 Bxf6 21.Qc2 Bg5 22.Ra3 Qd7
23.Bc4 Kh8 24.g3  1/2-1/2

[Event "ch-EST"]
[Site "Tallinn EST"]
[Date "2007.01.23"]
[Round "5"]
[White "Volodin,Alek"]
[Black "Kunitson,N"]
[Result "1-0"]
[WhiteElo "2354"]
[BlackElo "2104"]

1.d4 d5 2.c4 c6 3.Nf3 Nf6 4.Nc3 a6 5.a4 g6 6.Bf4 Bg7 7.e3 O-O 8.Be2 a5 9.Qb3 Na6
10.cxd5 cxd5 11.Rc1 Nh5 12.Bg5 h6 13.Bh4 Nb4 14.Nd2 g5 15.Bg3 Nxg3 16.hxg3 Bf5
17.Na2 Qd6 18.Nxb4 Qxb4 19.Qxb4 axb4 20.Bb5 Rfc8 21.Ke2 Bc2 22.Bd7 Rd8 23.Rxc2 Rxd7
24.Ra1 b6 25.Rc6 Rb7 26.Kd3 e6 27.Kc2 Ra5 28.Nb3 Ra8 29.a5 bxa5 30.Rxa5 Rab8
31.Nc5 Re7 32.Kb3 e5 33.dxe5 Bxe5 34.Nd3 Bxg3 35.fxg3 Rxe3 36.Rxd5 Rxg3 37.Rc2 h5
38.Rf2 Rb6 39.Kc4 b3 40.Rd8+ Kg7 41.Nc5 Rg4+ 42.Kd5 Rbb4 43.Re8 Rbd4+ 44.Kc6 Rdf4
45.Ree2 Rxf2 46.Rxf2 Rg3 47.Kd5 f5 48.Kc4 h4 49.Nxb3 f4 50.Nd4 Kg6 51.Ne2 Re3
52.b4 Re4+ 53.Nd4 g4 54.Kd5 g3 55.Rf1 Rxd4+ 56.Kxd4 h3 57.Rxf4 Kg5 58.Rf1  1-0

[Event "ch-Kyiv"]
[Site "Kyiv UKR"]
[Date "2007.01.28"]
[Round "9"]
[White "Golichenko,I"]
[Black "Kernazhitsky,L"]
[Result "0-1"]
[WhiteElo "2300"]
[BlackElo "2345"]

1.d4 d5 2.c4 c6 3.Nf3 Nf6 4.Nc3 a6 5.c5 Nbd7 6.Bf4 Nh5 7.e3 b6 8.cxb6 Nxf4
9.exf4 e6 10.Bd3 Qxb6 11.Qe2 Be7 12.O-O c5 13.Rfe1 c4 14.Nxd5 Qd8 15.Nxe7 cxd3
16.Qe4 Rb8 17.Nc6 Bb7 18.Nxd8 Bxe4 19.Nxe6 Bxf3 20.Ng5+ Be2 21.b3 O-O 22.Ne4 Rfc8
23.Rac1 f5 24.Nd2 Rc2 25.Rxc2 dxc2 26.Rc1 Bd1 27.Nc4 Re8 28.Ne3 Nf6 29.Kf1 Ne4
30.d5 Nc3 31.Nxc2 Be2+ 32.Ke1 Bb5+ 33.Kd2 Nxa2 34.Re1 Rxe1 35.Kxe1 Nc3 36.Ne3 g6
37.f3 Ne2 38.Kd2 Nxf4 39.g3 Nh5 40.Kc3 Nf6 41.Kd4 Nd7 42.h4 Be2 43.g4 f4
44.Ng2 Bxf3 45.Nxf4 Bxg4 46.b4 Kf7 47.Kc4 h6 48.b5 g5 49.hxg5 hxg5 50.Ne6 axb5+  0-1

[Event "ch-UKR U20"]
[Site "Lviv UKR"]
[Date "2007.02.02"]
[Round "3"]
[White "Ipatov,A"]
[Black "Serik,M"]
[Result "0-1"]
[WhiteElo "2286"]
[BlackElo "2285"]

1.d4 d5 2.c4 c6 3.Nf3 Nf6 4.Nc3 a6 5.e3 e6 6.b3 Bb4 7.Bd2 O-O 8.Bd3 Nbd7
9.O-O Re8 10.Qc2 dxc4 11.bxc4 e5 12.Ne4 Bxd2 13.Nxf6+ Qxf6 14.Nxd2 h6 15.Ne4 Qe7
16.c5 Nf6 17.Nd6 Rf8 18.Rab1 b5 19.Be4 Bd7 20.Bf3 Ne8 21.dxe5 Qxe5 22.Rbd1 Nxd6
23.Rxd6 Bf5 24.e4 Be6 25.Be2 g5 26.Rxc6 Rfc8 27.Rxc8+ Rxc8 28.Rc1 Kg7 29.Qc3 Qxc3
30.Rxc3 Bxa2 31.Ra3 Bc4 32.Kf1 Kf6 33.Rxa6+ Ke5 34.Bxc4 bxc4 35.Ke2 Kxe4
36.Kd2  0-1

[Event "ch-CZE"]
[Site "Praha CZE"]
[Date "2007.02.06"]
[Round "1"]
[White "Babula,V"]
[Black "Jirka,J"]
[Result "1-0"]
[WhiteElo "2584"]
[BlackElo "2360"]

1.d4 d5 2.c4 c6 3.Nf3 Nf6 4.Nc3 a6 5.a4 e6 6.Bg5 Nbd7 7.a5 h6 8.Bxf6 Nxf6
9.c5 g6 10.Qc2 Bg7 11.e4 dxe4 12.Nxe4 Nxe4 13.Qxe4 Qd5 14.Qc2 e5 15.Bc4 Bf5
16.Qe2 Qe4 17.Qxe4 Bxe4 18.Nxe5 Bxe5 19.dxe5 Bxg2 20.Rg1 Bd5 21.Bxd5 cxd5
22.Kd2 O-O-O 23.Kd3 d4 24.Rae1 Rd5 25.b4 g5 26.Rg3 f6 27.exf6 Rf5 28.Re6 Rxf2
29.Kxd4 Rxh2 30.f7 Kd7 31.Rge3 Rf8 32.Rd6+ Kc7 33.Re7+  1-0

[Event "ch-CZE"]
[Site "Praha CZE"]
[Date "2007.02.10"]
[Round "5"]
[White "Stocek,J"]
[Black "Polak,T"]
[Result "1/2-1/2"]
[WhiteElo "2566"]
[BlackElo "2500"]

1.d4 d5 2.c4 c6 3.Nf3 Nf6 4.Nc3 a6 5.a4 e6 6.Bf4 a5 7.e3 Na6 8.Be2 Be7 9.h3 O-O
10.O-O Nb4 11.Rc1 b6 12.Ne5 Nd7 13.Qd2 Nxe5 14.Bxe5 Ba6 15.b3 Bd6 16.Bxd6 Qxd6
17.Rfd1 Rfd8 18.Na2 Nxa2 19.Qxa2 Qb4 20.cxd5 Bxe2 21.Qxe2 cxd5 22.Qc2 b5
23.Rd3 bxa4 24.bxa4 Rdb8 25.Rc3 Qf8 26.Rc7 Rb4 27.Qd1 Rab8 28.h4 h6 29.g3 Qe8
30.R7c6 Rb1 31.Rxb1 Rxb1 32.Qxb1 Qxc6 33.Qb5 Qc7 34.Qe8+ Kh7 35.h5 Qb7 36.Kg2 Qc7
37.Qa8 Qb6 38.Qf8 Qc7 39.Qc5 Qd8 40.Qa7 Kg8 41.Kf1 Kf8 42.Qb7  1/2-1/2

[Event "FSIMA February"]
[Site "Budapest HUN"]
[Date "2007.02.13"]
[Round "11"]
[White "Cherednichenko,S"]
[Black "Farago,S"]
[Result "1-0"]
[WhiteElo "2255"]
[BlackElo "2275"]

1.d4 d5 2.c4 c6 3.Nf3 Nf6 4.Nc3 a6 5.e3 b5 6.c5 Bf5 7.Bd3 Bxd3 8.Qxd3 Nbd7
9.O-O g6 10.b4 a5 11.bxa5 b4 12.Ne2 Qxa5 13.Ng3 Bg7 14.Bd2 Qa3 15.Qb3 Ra4
16.Rfb1 Ne4 17.Nxe4 dxe4 18.Ng5 O-O 19.Qc2 Ra7 20.Nxe4 e5 21.Bxb4 Qa6 22.Bc3 Qc4
23.Nd6 Qe6 24.a4 exd4 25.Bxd4 Bxd4 26.exd4 Nf6 27.a5 Nd5 28.Qd2 Rfa8 29.h3 Kg7
30.Rb7 Rxb7 31.Nxb7 Qf6 32.Nd6 Nf4 33.Qe3 Ne6 34.Ra4 Nc7 35.a6 Qd8 36.a7 Qd7
37.Nc4 Nd5 38.Qe5+ f6 39.Qb8 Qf5 40.Qxa8 Qg5 41.Ra1 Nf4 42.Qxc6 Nxh3+ 43.Kf1 Nf4
44.a8=Q Qf5 45.Qc7+  1-0

[Event "US Amateur Team East"]
[Site "Parsippany USA"]
[Date "2007.02.17"]
[Round "2"]
[White "Sarkar,J"]
[Black "Klegon,M"]
[Result "1-0"]
[WhiteElo "2405"]
[BlackElo "2145"]

1.d4 c6 2.c4 d5 3.Nf3 Nf6 4.Nc3 a6 5.h3 e6 6.c5 b6 7.cxb6 Qxb6 8.Na4 Bb4+
9.Bd2 Qa5 10.a3 Bxd2+ 11.Nxd2 Nbd7 12.Rc1 Bb7 13.e3 O-O 14.Bd3 Rfc8 15.O-O c5
16.Nxc5 Nxc5 17.Rxc5 Rxc5 18.Nb3 Qb6 19.Nxc5 Bc6 20.Qc2 a5 21.Rc1 Be8 22.b3 h6
23.f4 g6 24.Qc3 Rb8 25.Rb1 Bb5 26.Bc2 Ne8 27.b4 axb4 28.Qxb4  1-0

[Event "Meurthe et Moselle GM"]
[Site "Nancy FRA"]
[Date "2007.02.19"]
[Round "1"]
[White "Wirig,A"]
[Black "Abergel,T"]
[Result "0-1"]
[WhiteElo "2433"]
[BlackElo "2475"]

1.d4 d5 2.Nf3 Nf6 3.c4 c6 4.Nc3 a6 5.c5 Bf5 6.Bf4 Nbd7 7.e3 e6 8.Be2 h6 9.h3 Be7
10.Nd2 O-O 11.O-O Qc8 12.b4 Re8 13.Nb3 Bd8 14.Bd3 Bxd3 15.Qxd3 e5 16.Bh2 Bc7
17.a4 e4 18.Qd2 Bxh2+ 19.Kxh2 Nf8 20.b5 Ng6 21.Ne2 Nh7 22.bxc6 bxc6 23.Na5 Ng5
24.Ng1 Re6 25.Rab1 Nh4 26.Qb4 Rg6 27.Qb7 Ngf3+ 28.Kh1 Nd2 29.Qxc8+ Rxc8 30.g3 Nxf1
31.Rxf1 Nf5 32.Rb1 Re6 33.Rb6 Ne7 34.Ne2 g5 35.Nc3 f5 36.Rxa6 f4 37.Kg2 fxe3
38.fxe3 Rf6 39.Rb6 Rcf8 40.Rb2 Nf5 41.Nd1 Ra8  0-1

[Event "Meurthe et Moselle IM"]
[Site "Nancy FRA"]
[Date "2007.02.20"]
[Round "2"]
[White "Bakalarz,M"]
[Black "Dovzik,J"]
[Result "1/2-1/2"]
[WhiteElo "2378"]
[BlackElo "2421"]

1.d4 d5 2.c4 c6 3.Nf3 Nf6 4.Nc3 a6 5.cxd5 cxd5 6.Bf4 Nc6 7.e3 Bg4 8.h3 Bxf3
9.Qxf3 e6 10.Bd3 Bd6 11.O-O Bxf4 12.Qxf4 O-O 13.Rfc1 Rc8 14.Bf1 Na5 15.Na4 Ne4
16.Bd3 Rxc1+ 17.Rxc1 Nd6 18.Qf3 Qe7 19.Qe2 g6 20.b3 Rc8 21.Rxc8+ Nxc8 22.Qc2 Qd8
23.Qc5 Ne7 24.Nb6 Nac6 25.b4 Nb8  1/2-1/2